[Event "Let's Play Chess!"]
[Site "http://www.queenalice.com/game.php?id=350426"]
[Date "2008.2.8"]
[Round "-"]
[White "CampbellMarcel"]
[Black "luizphilipe"]
[Result "0-1"]
[WhiteElo "1741"]
[BlackElo "1630"]

1. e4 c5 2. Nf3 d6 3. d4 cxd4 4. Nxd4 Nf6 5. Nc3 a6 6. Bg5 e6 7. Bc4 Be7 8. O-O
O-O 9. f4 Qc7 10. Bd3 Qb6 11. Rf2 Qxd4 12. Kf1 h6 13. Bh4 Nxe4 14. Nxe4 Bxh4 15.
g3 Be7 16. c3 Qb6 17. b4 d5 18. Nd2 Bf6 19. Qb3 Qc7 20. Rc1 Bd7 21. c4 b5 22. c5
Nc6 23. Nf3 a5 24. a3 axb4 25. axb4 Ra4 26. Bxb5 Rxb4 27. Qd3 Ne5 28. fxe5 Bxb5
29. exf6 Bxd3+ 0-1

[Event "CHESS"]
[Site "http://www.queenalice.com/game.php?id=350487"]
[Date "2008.2.8"]
[Round "-"]
[White "billymc"]
[Black "luizphilipe"]
[Result "0-1"]
[WhiteElo "1233"]
[BlackElo "1500"]

1. e4 c5 2. c3 Nf6 3. d3 Nc6 4. b4 cxb4 5. Bb2 d5 6. exd5 Qxd5 7. cxb4 Nxb4 8.
Qd2 e5 9. Nc3 Qc6 10. d4 Ne4 11. Nxe4 Qxe4+ 12. Be2 Nc2+ 13. Kd1 Nxa1 14. Ba3
Bxa3 15. Bb5+ Bd7 16. Bd3 Ba4+ 17. Bc2 Bxc2+ 18. Qxc2 Qxc2+ 19. Ke1 Bb4+ 20. Kf1
Qd1# 0-1

[Event "Let's Play Chess!"]
[Site "http://www.queenalice.com/game.php?id=354104"]
[Date "2008.2.14"]
[Round "-"]
[White "JoseLuisOvando"]
[Black "luizphilipe"]
[Result "0-1"]
[WhiteElo "1451"]
[BlackElo "1662"]

1. e4 c5 2. Nf3 d6 3. d4 cxd4 4. Qxd4 Nc6 5. Bb5 Bd7 6. Bxc6 Bxc6 7. Nc3 Nf6 8.
Bg5 e6 9. Bxf6 Qxf6 10. e5 dxe5 11. Qxe5 Qxe5+ 12. Nxe5 Bxg2 13. Rg1 Be4 14.
O-O-O f6 15. Nxe4 fxe5 16. Nc5 Bxc5 17. Rxg7 b5 18. f3 Be3+ 0-1

[Event "Challenge"]
[Site "http://www.queenalice.com/game.php?id=355446"]
[Date "2008.2.16"]
[Round "-"]
[White "luizphilipe"]
[Black "Josecarlos"]
[Result "1-0"]
[WhiteElo "1747"]
[BlackElo "1550"]

1. e4 e5 2. Nf3 Nc6 3. Bb5 Qf6 4. Nc3 Bb4 5. Nd5 Qd6 6. a3 Bc5 7. b4 Bb6 8. c4
Bd4 9. Rb1 b6 10. Bb2 Nf6 11. Bxd4 Nxd4 12. c5 bxc5 13. bxc5 Qxc5 14. Rc1 Qxa3
15. Nxc7+ Ke7 16. Nxa8 Nxb5 17. Nc7 Nxc7 18. Rxc7 Nxe4 19. O-O Qa5 20. Qc1 f6
21. Rxc8 Rxc8 22. Qxc8 Nxd2 23. Nxd2 Qxd2 24. Qc5+ Ke8 25. Qxa7 Kf7 26. Qa4 h5
27. Rd1 Qf4 28. Qxd7+ Kg6 29. Qh3 Kh6 30. Qe3 Qxe3 31. fxe3 g5 32. Kf2 g4 33. h4
e4 34. Kg3 Kg6 35. Kf4 f5 36. Rd6+ Kf7 37. Kxf5 Ke7 38. Rh6 Kf7 39. Rxh5 Kg7 40.
Kxe4 Kf7 41. Kf4 Kg7 42. Kxg4 Kf7 43. Rg5 Kf8 44. h5 Kf7 45. Kf5 Kf8 46. Kg6 Kg8
47. Rf5 Kh8 48. Rf8# 1-0

[Event "Challenge"]
[Site "http://www.queenalice.com/game.php?id=355448"]
[Date "2008.2.16"]
[Round "-"]
[White "luizphilipe"]
[Black "bish"]
[Result "1-0"]
[WhiteElo "1614"]
[BlackElo "1617"]

1. d4 d5 2. c4 e6 3. Nc3 Nf6 4. Bg5 Be7 5. Nf3 O-O 6. e3 b6 7. cxd5 Nxd5 8. Bxe7
Qxe7 9. e4 Nxc3 10. bxc3 Bb7 11. Bd3 c5 12. O-O Nd7 13. Qe2 Nf6 14. Rad1 Nh5 15.
Qe3 cxd4 16. cxd4 f6 17. g4 Ng3 18. fxg3 g5 19. Bc4 Kg7 20. Nd2 h6 21. Qb3 a6
22. Bxe6 Qd6 23. d5 Qc5+ 24. Kh1 a5 25. Rc1 Qd6 26. e5 Qxe6 27. exf6+ Rxf6 28.
Rc7+ Kg8 29. Rxb7 Rxf1+ 30. Nxf1 Qxg4 31. d6+ Kf8 32. Qf7# 1-0

[Event "Luiz/Rafael 1"]
[Site "http://www.queenalice.com/game.php?id=359915"]
[Date "2008.2.24"]
[Round "-"]
[White "luizphilipe"]
[Black "technicaldraw"]
[Result "0-1"]
[WhiteElo "1673"]
[BlackElo "1932"]

1. d4 Nf6 2. c4 e6 3. Nc3 Bb4 4. Nf3 Ne4 5. Qc2 f5 6. g3 Nc6 7. Bg2 O-O 8. O-O
Bxc3 9. bxc3 Na5 10. c5 d6 11. c4 b6 12. Bd2 Nxd2 13. Nxd2 Rb8 14. cxb6 axb6 15.
e3 Qf6 16. Rab1 Bb7 17. d5 e5 18. Rb4 Ba6 19. Ra4 f4 20. Ne4 Qg6 0-1

[Event "Challenge"]
[Site "http://www.queenalice.com/game.php?id=359916"]
[Date "2008.2.24"]
[Round "-"]
[White "Josecarlos"]
[Black "luizphilipe"]
[Result "1-0"]
[WhiteElo "1691"]
[BlackElo "1798"]

1. e4 c5 2. d4 cxd4 3. Qxd4 Nc6 4. Qd1 Nf6 5. Nc3 e6 6. Nf3 d6 7. Bc4 Be7 8. Bf4
a6 9. h3 O-O 10. O-O b5 11. Bd3 Bb7 12. e5 Nxe5 13. Nxe5 dxe5 14. Bxe5 b4 15.
Ne2 Qd5 16. Bxh7+ Nxh7 17. Qxd5 Bxd5 18. f4 Bf6 19. g3 Bxe5 20. fxe5 Ng5 21. h4
Nf3+ 22. Kf2 Nxe5 23. Nd4 Ng4+ 24. Ke1 Rac8 25. b3 Be4 26. Rc1 e5 27. Nf5 Bd3
28. Rf3 e4 29. Rf4 e3 30. Rxg4 Bxf5 31. Rxb4 Rxc2 32. Rxc2 Bxc2 33. Rc4 1-0

[Event "Luiz/Rafael 2"]
[Site "http://www.queenalice.com/game.php?id=359917"]
[Date "2008.2.24"]
[Round "-"]
[White "technicaldraw"]
[Black "luizphilipe"]
[Result "1-0"]
[WhiteElo "1965"]
[BlackElo "1713"]

1. e4 c5 2. Nf3 d6 3. d4 cxd4 4. Nxd4 Nf6 5. Nc3 a6 6. Be3 e5 7. Nb3 Be6 8. f3
Be7 9. Qd2 O-O 10. O-O-O Nbd7 11. g4 b5 12. g5 Nh5 13. Nd5 Bxd5 14. exd5 Rc8 15.
Kb1 1-0

[Event "Challenge"]
[Site "http://www.queenalice.com/game.php?id=360322"]
[Date "2008.2.24"]
[Round "-"]
[White "Myname"]
[Black "luizphilipe"]
[Result "0-1"]
[WhiteElo "1377"]
[BlackElo "1798"]

1. c4 Nf6 2. Nc3 e5 3. e4 Bc5 4. Nh3 d6 5. d3 Bxh3 6. gxh3 Nc6 7. Bg5 Nd4 8. Rg1
h6 9. Be3 Ne6 10. d4 exd4 11. Bxd4 Bxd4 12. Nd5 c6 13. Nxf6+ Qxf6 14. Qg4 Qxf2+
0-1

[Event "Challenge"]
[Site "http://www.queenalice.com/game.php?id=386781"]
[Date "2008.4.13"]
[Round "-"]
[White "luizphilipe"]
[Black "Moquiche"]
[Result "0-1"]
[WhiteElo "1653"]
[BlackElo "1854"]

1. d4 d5 2. c4 dxc4 3. e3 b5 4. a4 c6 5. axb5 cxb5 6. Qf3 Nc6 7. Qxc6+ Bd7 8.
Qf3 Nf6 9. Nc3 e6 10. Nge2 Bb4 11. e4 Bc6 0-1